| 000 | 00510nam a22001697a 4500 | ||
|---|---|---|---|
| 003 | BD-DhUL | ||
| 005 | 20191013145257.0 | ||
| 008 | 191013s1921 ii ||||| |||| 00| 0 urd d | ||
| 040 |
_aBD-DhUL _cBD-DhUL |
||
| 082 |
_a954.03 _bMAK |
||
| 100 | 1 | _aمحمود، سید | |
| 245 | 1 | 0 |
_aخلافت اور انگلستان / _cسید محمود _b _h |
| 260 |
_aدھلی : _bسوراجپرنٹنگورکس، _c۱۹۲۱۔ |
||
| 300 |
_aص۔ ۱۴۰ ؛ _c۲۱ سم۔ |
||
| 650 | 4 | _aIndia - History | |
| 942 |
_2ddc _cBK |
||
| 999 |
_c250283 _d250283 |
||